Normal view
MARC view
- Evans, James R.
Entry Personal Name
001 - CONTROL NUMBER
- control field: 87218
003 - CONTROL NUMBER IDENTIFIER
- control field: NUST
005 - DATE AND TIME OF LATEST TRANSACTION
- control field: 20211231113110.0
008 - FIXED-LENGTH DATA ELEMENTS
- fixed length control field: 211231|| aca||aabn | a|a d
040 ## - CATALOGING SOURCE
- Original cataloging agency: NUST
- Transcribing agency: NUST
100 ## - HEADING--PERSONAL NAME
- Personal name: Evans, James R.
- Fuller form of name: (James Robert),
- Dates associated with a name: 1950-
670 ## - SOURCE DATA FOUND
- Source citation: Work cat.: (NUST)31548: Evans, James R. (James Robert), 1950-, The Management and Control of Quality /, c2005.
